TV Shows by Opening Sequence III Quiz Stats

Quiz Updated Sep 15, 2014

Challenge
Share
Tweet
Score 0/30 Timer 10:00
1 Play Today
% Correct
The Simpsons
99.8%
Modern Family
91.8%
How I Met Your Mother
89.2%
The Fresh Prince of Bel-Air
82.7%
Sex and the City
81.9%
The Jetsons
81.9%
Bill Nye the Science Guy
81%
Survivor: Borneo
79.2%
Full House
78.5%
Orange Is the New Black
76%
NCIS
75.4%
Frasier
74.2%
I Love Lucy
74%
The Magic School Bus
73.7%
Walker, Texas Ranger
73.3%
% Correct
Gilmore Girls
70%
Sherlock
62.8%
Get Smart
61.1%
Veep
60.7%
All in the Family
56.2%
Band of Brothers
52.3%
The Mary Tyler Moore Show
52%
Brooklyn Nine-Nine
51.1%
Six Feet Under
41.5%
The Newsroom
40.9%
Chuck
34.6%
Twin Peaks
31%
Fringe
24.6%
Orphan Black
21.8%
Happy Endings
20.9%

You're not logged in!

Compare scores with friends on all Sporcle quizzes.
Join for Free
OR
Log In

You Might Also Like...

Show Comments

Extras

Top Quizzes Today


Score Distribution

Your Account Isn't Verified!

In order to create a playlist on Sporcle, you need to verify the email address you used during registration. Go to your Sporcle Settings to finish the process.

Report this User

Report this user for behavior that violates our Community Guidelines.

Details: